Statistiques concernant Allemagne au Concours Eurovision de la Chanson

Cliquez ici pour prendre le quiz!

Statistiques générales

  • Ce quiz a été pris 45 fois
  • Le résultat moyen est 10 sur 16

Statistiques - réponses

QuestionsRéponses% Correct
Combien de fois s'est-elle retirée du concours ?1 (à cause de la présélection de l'UER)
100%
Combien de fois a-t-elle gagné l'Eurovision ?2
100%
Depuis quelle année l'Allemagne participe-t-elle au concours ?1956
98%
Combien de fois l'Allemagne a-t-elle terminé à la dernière place ?7
98%
Pour la dernière fois en quelle année ?2010
93%
De quel groupe de pays l'Allemagne fait-elle partie au concours ?Big 5
93%
Avec quelle chanson et/ou interprète ?Satellite / Lena
88%
Qui va représenter l'Allemagne au concours en 2021 ?Jendrik
50%
Depuis 2011, quel interprète a obtenu la plus haute place ?Michael Schulte
48%
En quelle année les premiers jumeaux ont-ils participé au concours ?1959 (les soeurs Kessler)
45%
En quelle année l'Allemagne a envoyé une chanson entièrement interprétée dans une autre langue que l'allemand pour la première fois ?1977
45%
A quel pays l'Allemagne a-t-elle donné le plus de points en finale depuis 1975 ?Suède
45%
Qui a été le premier vainqueur allemand de l'Eurovision en 1982 ?Nicole
43%
Et reçu ?Espagne
25%
Qui est Peter Urban ?Commentateur allemand du concours depuis 1997
13%
Une artiste a participé au concours à trois reprises, se classant dans les 3 premiers sans jamais gagner le concours. Qui est-elle ?Katja Ebstein
13%

Distribution des résultats

Percentile par nombre de réponses

% des personnes avec chaque résultat

Votre développement - résultats

Vous n’avez pas pris ce quiz